| 000 | 01065nam a2200265 4500 | ||
|---|---|---|---|
| 001 | 0000013714 | ||
| 003 | CO-CtgCURN | ||
| 005 | 20250515222535.0 | ||
| 007 | ta | ||
| 008 | 160627s1995 000 0 eng d | ||
| 040 |
_aCO-CtgCURN _bspa _ccoctgcurn |
||
| 082 | 0 |
_a347.05 _bMP373c |
|
| 100 | 1 | _aPereira Monsalve, Luis Cesar. | |
| 245 | 1 | 0 |
_aCódigo de procedimiento civil : _bjurisprudencia, doctrina, comentarios, concordancias / _cLuis Cesar Pereira Monsalve. |
| 260 |
_aMedellin : _bPoligraficas, _c1995. |
||
| 300 | _a1170 p. | ||
| 336 | _2rdacontent | ||
| 337 |
_2rdamedia _asin mediacion _bn |
||
| 338 |
_2rdacarrier _avolumen _bnc |
||
| 505 | 8 | _aSujetos del procso.--Actos procesales.--Reglas generales del procedimiento.--Regimen probatorio.--Providencias del juez.--Terminacion anormal del proceso.--Los procesos.--Proceso de ejecucion.--Cuestiones varias | |
| 650 | 1 | 4 | _aCódigo de procedimiento civil. |
| 908 | _a160627 | ||
| 942 |
_cBK _h347.05 _iMP373c _2ddc _n0 |
||
| 999 |
_c20451 _d20451 |
||